[Event "Oberliga Ost A"]
[Site "?"]
[Date "2022.10.23"]
[Round "3.7"]
[White "Gempe, Thomas"]
[Black "Ellemann, Stefan"]
[Result "1/2-1/2"]
[WhiteElo "2142"]
[BlackElo "2019"]
[PlyCount "61"]
[EventDate "2022.09.18"]
[EventType "team-tourn"]
[EventCountry "GER"]
[WhiteTeam "Sangerhausen SV"]
[BlackTeam "Leipzig SG II"]
[WhiteTeamCountry "GER"]
[BlackTeamCountry "GER"]

1. d4 Nf6 2. c4 e6 3. Nf3 d5 4. g3 Be7 5. Bg2 O-O 6. O-O dxc4 7. Qc2 a6 8. a4 Nbd7 9. Qxc4 c5 10. Rd1 b5 11. Qc2 Bb7 12. Bg5 Qb6 13. Ne5 Rfd8 14. Bxb7 Qxb7 15. axb5 axb5 16. Rxa8 Qxa8 17. Nxd7 Rxd7 18. dxc5 Rxd1+ 19. Qxd1 Bxc5 20. Bxf6 gxf6 21. Nc3 Qc6 22. Qd3 b4 23. Ne4 Be7 24. b3 f5 25. Nd2 Qc3 26. Nc4 Bf6 27. Kg2 Qxd3 28. exd3 Kg7 29. Kf3 Bd4 30. Ke2 Kf6 31. f3 1/2-1/2

[Event "Oberliga Ost A"]
[Site "?"]
[Date "2022.10.23"]
[Round "3.8"]
[White "Sieber, Martin"]
[Black "Greger, Ubald"]
[Result "1/2-1/2"]
[WhiteElo "1958"]
[BlackElo "2130"]
[PlyCount "46"]
[EventDate "2022.09.18"]
[EventType "team-tourn"]
[EventCountry "GER"]
[WhiteTeam "Leipzig SG II"]
[BlackTeam "Sangerhausen SV"]
[WhiteTeamCountry "GER"]
[BlackTeamCountry "GER"]

1. d4 d6 2. Nf3 Nf6 3. g3 c6 4. Bg2 Nbd7 5. O-O Qc7 6. c4 e5 7. dxe5 dxe5 8. Nc3 Be7 9. Nh4 Nb6 10. b3 Bd7 11. Bb2 Ng4 12. Nf3 f6 13. Qc2 Nh6 14. Rad1 Bf5 15. e4 Be6 16. Qc1 O-O 17. h3 Nf7 18. Nh4 Qc8 19. g4 g6 20. Ba3 Qc7 21. Nf3 Rfe8 22. Bb2 Rad8 23. Qe3 Rxd1 1/2-1/2

[Event "Oberliga Ost A"]
[Site "?"]
[Date "2022.10.23"]
[Round "3.1"]
[White "Mastrovasilis, Dimitrios"]
[Black "Klimakovs, Sergejs"]
[Result "1-0"]
[WhiteElo "2599"]
[BlackElo "2327"]
[PlyCount "85"]
[EventDate "2022.09.18"]
[EventType "team-tourn"]
[EventCountry "GER"]
[WhiteTeam "Sangerhausen SV"]
[BlackTeam "Leipzig SG II"]
[WhiteTeamCountry "GER"]
[BlackTeamCountry "GER"]

1. e4 c5 2. Nf3 d6 3. Bb5+ Bd7 4. Bxd7+ Qxd7 5. O-O Nf6 6. Re1 Nc6 7. c3 e6 8. d4 cxd4 9. cxd4 d5 10. e5 Ne4 11. Nbd2 Nxd2 12. Bxd2 Be7 13. Rc1 O-O 14. Rc3 Rfc8 15. a3 Qd8 16. Rd3 a5 17. h4 Bxh4 18. Ree3 Ra6 19. Nxh4 Qxh4 20. Rg3 Qe4 21. Bh6 g6 22. Rg4 Qf5 23. Rf4 Nxd4 24. Rxf5 Nxf5 25. Bg5 Rac6 26. Rc3 Rxc3 27. bxc3 b5 28. a4 bxa4 29. Qxa4 h5 30. Qxa5 Kh7 31. Qa7 Rf8 32. g3 Kg8 33. Kg2 Rc8 34. Qb7 Rf8 35. f3 Re8 36. g4 Ng7 37. Bf6 Rf8 38. Kg3 Kh7 39. Kh4 Ne8 40. Qe7 Kg8 41. gxh5 gxh5 42. Kxh5 Ng7+ 43. Bxg7 1-0

[Event "Oberliga Ost A"]
[Site "?"]
[Date "2022.10.23"]
[Round "3.2"]
[White "Tolmacevs, Artjoms"]
[Black "Zawadzka, Jolanta"]
[Result "0-1"]
[WhiteElo "2040"]
[BlackElo "2378"]
[PlyCount "78"]
[EventDate "2022.09.18"]
[EventType "team-tourn"]
[EventCountry "GER"]
[WhiteTeam "Plauen SK Koenig"]
[BlackTeam "Magdeburg USC"]
[WhiteTeamCountry "GER"]
[BlackTeamCountry "GER"]

1. e4 c5 2. Nf3 e6 3. d4 cxd4 4. Nxd4 Nc6 5. Nc3 Qc7 6. Be3 a6 7. g3 Nf6 8. Bg2 h5 9. Nxc6 dxc6 10. h3 e5 11. O-O Be7 12. a4 a5 13. f4 Be6 14. f5 Bc4 15. Rf2 Nd7 16. b3 Ba6 17. Na2 O-O-O 18. Qb1 Bc5 19. Bxc5 Nxc5 20. b4 axb4 21. Nxb4 Qa5 22. Nxa6 Nxa6 23. Qb3 Rd7 24. Rf3 h4 25. gxh4 Rxh4 26. Rg3 Qc5+ 27. Kh1 Qf8 28. Rc3 Qb4 29. Qxb4 Nxb4 30. a5 Rd2 31. Rc1 Na2 32. a6 Kb8 33. Rb3 Nxc1 34. Rxb7+ Ka8 35. Rxf7 Rf4 36. Rxg7 Rxc2 37. Rg4 Nd3 38. Rg7 Ne1 39. Rg4 Rxg4 0-1

[Event "Oberliga Ost A"]
[Site "?"]
[Date "2022.10.23"]
[Round "3.3"]
[White "Burian, Simon"]
[Black "Pikalow, Michael"]
[Result "0-1"]
[WhiteElo "2191"]
[BlackElo "2073"]
[PlyCount "74"]
[EventDate "2022.09.18"]
[EventType "team-tourn"]
[EventCountry "GER"]
[WhiteTeam "Magdeburg USC"]
[BlackTeam "Plauen SK Koenig"]
[WhiteTeamCountry "GER"]
[BlackTeamCountry "GER"]

1. e4 c5 2. Nf3 d6 3. d4 cxd4 4. Nxd4 Nf6 5. Nc3 a6 6. h4 e5 7. Nb3 Be7 8. Be2 O-O 9. g4 Ne8 10. g5 Nc6 11. Be3 Be6 12. Qd2 a5 13. Nd5 a4 14. Nc1 Kh8 15. h5 f5 16. exf5 Bxd5 17. Qxd5 Bxg5 18. h6 Bxe3 19. hxg7+ Nxg7 20. fxe3 Qg5 21. Rh3 Qg1+ 22. Kd2 Rac8 23. Qh1 Qxh1 24. Rxh1 e4 25. Bg4 Rf6 26. Ne2 Ne5 27. Rag1 Nc4+ 28. Kc1 a3 29. b3 Nxe3 30. c3 Ngxf5 31. Kd2 Rg8 32. Bxf5 Nxf5 33. c4 Rxg1 34. Rxg1 Rg6 35. Rf1 Ng3 36. Nxg3 Rxg3 37. Rf7 Rg2+ 0-1

[Event "Oberliga Ost A"]
[Site "?"]
[Date "2022.10.23"]
[Round "3.4"]
[White "Haubold, Sebastian Marcel"]
[Black "Kunze, Carlo"]
[Result "1/2-1/2"]
[WhiteElo "2034"]
[BlackElo "2285"]
[PlyCount "93"]
[EventDate "2022.09.18"]
[EventType "team-tourn"]
[EventCountry "GER"]
[WhiteTeam "Plauen SK Koenig"]
[BlackTeam "Magdeburg USC"]
[WhiteTeamCountry "GER"]
[BlackTeamCountry "GER"]

1. e4 Nf6 2. e5 Nd5 3. d4 d6 4. c4 Nb6 5. f4 dxe5 6. fxe5 Nc6 7. Be3 Bf5 8. Be2 e6 9. Nf3 Be7 10. O-O O-O 11. Nc3 f6 12. Qb3 Qd7 13. c5 Nd5 14. Nxd5 exd5 15. Rad1 Nd8 16. Qc3 c6 17. b4 Nf7 18. a4 Rae8 19. b5 Be4 20. Nd2 Bg6 21. h3 fxe5 22. dxe5 Bg5 23. Bxg5 Nxg5 24. Rxf8+ Rxf8 25. Qe3 Qe7 26. Re1 Ne6 27. Nb3 Qh4 28. Bg4 Bf5 29. g3 Qg5 30. Bxf5 Qxf5 31. Kg2 Qc2+ 32. Kg1 Qc4 33. bxc6 bxc6 34. Nd2 Qxa4 35. Nb3 Qb4 36. Rf1 Rxf1+ 37. Kxf1 a5 38. Qf3 Qc4+ 39. Kg1 Nxc5 40. Qh5 g6 41. Qg5 Nxb3 42. Qd8+ Kg7 43. Qe7+ Kh6 44. Qf8+ Kg5 45. Qf6+ Kh6 46. Qf8+ Kh5 47. Qf3+ 1/2-1/2

[Event "Oberliga Ost A"]
[Site "?"]
[Date "2022.10.23"]
[Round "3.5"]
[White "Hoerr, Matthias"]
[Black "Haubold, Christian Lucas"]
[Result "1-0"]
[WhiteElo "2086"]
[BlackElo "1885"]
[PlyCount "85"]
[EventDate "2022.09.18"]
[EventType "team-tourn"]
[EventCountry "GER"]
[WhiteTeam "Magdeburg USC"]
[BlackTeam "Plauen SK Koenig"]
[WhiteTeamCountry "GER"]
[BlackTeamCountry "GER"]

1. c4 Nf6 2. g3 g6 3. Bg2 Bg7 4. Nc3 O-O 5. Rb1 d6 6. b4 e5 7. d3 c6 8. e4 Ne8 9. Qb3 f5 10. f4 Be6 11. Nf3 h6 12. a4 Nd7 13. O-O exf4 14. gxf4 fxe4 15. Nxe4 d5 16. cxd5 Bxd5 17. Qc2 Qb6+ 18. Kh1 Nef6 19. a5 Qc7 20. Nc3 Qd6 21. Be3 Rfe8 22. Qd2 b6 23. Rbe1 Qxb4 24. Nxd5 Nxd5 25. Nh4 Bc3 26. Qa2 Bxe1 27. Bxd5+ Kg7 28. Nf5+ gxf5 29. Rg1+ Kf6 30. Qg2 Ke7 31. Qg7+ Kd8 32. Bxc6 Qd6 33. Bxa8 Rxe3 34. Qg8+ Kc7 35. Rg6 Qf8 36. Qc4+ Nc5 37. axb6+ axb6 38. Rc6+ Kb8 39. Rxb6+ Ka7 40. Rc6 Bb4 41. Qxb4 Rxd3 42. Rc7+ Ka6 43. Bb7+ 1-0

[Event "Oberliga Ost A"]
[Site "?"]
[Date "2022.10.23"]
[Round "3.6"]
[White "Kuznecova, Marija"]
[Black "Sandner, Gunter"]
[Result "1/2-1/2"]
[WhiteElo "1987"]
[BlackElo "2234"]
[PlyCount "82"]
[EventDate "2022.09.18"]
[EventType "team-tourn"]
[EventCountry "GER"]
[WhiteTeam "Plauen SK Koenig"]
[BlackTeam "Magdeburg USC"]
[WhiteTeamCountry "GER"]
[BlackTeamCountry "GER"]

1. e4 c5 2. Nf3 Nc6 3. d4 cxd4 4. Nxd4 Nf6 5. Nc3 e5 6. Ndb5 d6 7. Bg5 a6 8. Na3 b5 9. Nd5 Be7 10. Bxf6 Bxf6 11. c3 Bb7 12. Nc2 Nb8 13. Nce3 Nd7 14. a4 bxa4 15. Nxf6+ Nxf6 16. Qxa4+ Kf8 17. Bd3 g6 18. O-O Kg7 19. Rfd1 Qc7 20. Qc2 a5 21. f3 Rhb8 22. Qd2 Kh8 23. Bc4 Ne8 24. Bd5 Ra7 25. Kh1 Bc8 26. Rf1 Qb6 27. Ra2 Ng7 28. f4 f5 29. g4 exf4 30. Nc4 Qc5 31. gxf5 gxf5 32. Qxf4 Be6 33. b4 axb4 34. Rxa7 Qxa7 35. Bxe6 Nxe6 36. Qxd6 Re8 37. Qxb4 Rg8 38. Qd6 Qg7 39. Qe5 Qxe5 40. Nxe5 fxe4 41. Nf7+ Kg7 1/2-1/2

[Event "Oberliga Ost A"]
[Site "?"]
[Date "2022.10.23"]
[Round "3.7"]
[White "Kuraszkiewicz, Michael"]
[Black "Oelkers, Rene"]
[Result "1-0"]
[WhiteElo "2256"]
[BlackElo "1859"]
[PlyCount "67"]
[EventDate "2022.09.18"]
[EventType "team-tourn"]
[EventCountry "GER"]
[WhiteTeam "Magdeburg USC"]
[BlackTeam "Plauen SK Koenig"]
[WhiteTeamCountry "GER"]
[BlackTeamCountry "GER"]

1. d4 d5 2. Bf4 Nf6 3. e3 c6 4. Bd3 g6 5. h3 Bg7 6. Nf3 Nbd7 7. O-O O-O 8. c4 e6 9. Nc3 dxc4 10. Bxc4 Nb6 11. Be2 Nfd5 12. Bh2 Nxc3 13. bxc3 c5 14. a4 Nd5 15. Qd3 cxd4 16. cxd4 a5 17. Rfc1 b6 18. e4 Nb4 19. Qe3 Ra7 20. Ne5 Ba6 21. Bxa6 Rxa6 22. Rc4 Bxe5 23. Bxe5 f6 24. Bg3 Ra7 25. Rac1 Na6 26. Rc6 Rd7 27. Qb3 Rxd4 28. Qxe6+ Kh8 29. Rc8 Nc5 30. R1xc5 bxc5 31. Rxd8 Rfxd8 32. Qxf6+ Kg8 33. Be5 R4d7 34. Bc3 1-0

[Event "Oberliga Ost A"]
[Site "?"]
[Date "2022.10.23"]
[Round "3.8"]
[White "Schroeter, Lucas"]
[Black "Fischer, Erik"]
[Result "1/2-1/2"]
[WhiteElo "1852"]
[BlackElo "2049"]
[PlyCount "42"]
[EventDate "2022.09.18"]
[EventType "team-tourn"]
[EventCountry "GER"]
[WhiteTeam "Plauen SK Koenig"]
[BlackTeam "Magdeburg USC"]
[WhiteTeamCountry "GER"]
[BlackTeamCountry "GER"]

1. e4 c5 2. Nf3 e6 3. d4 cxd4 4. Nxd4 Nc6 5. Nc3 Qc7 6. g3 a6 7. Bg2 Nf6 8. O-O Nxd4 9. Qxd4 Bc5 10. Bf4 d6 11. Qd2 h6 12. Rad1 e5 13. Be3 Bb4 14. Nb5 axb5 15. Qxb4 Rxa2 16. Rxd6 O-O 17. c3 Rxb2 18. Qxb2 Qxd6 19. Qxb5 Rd8 20. Bb6 Bd7 21. Qb4 Qxb4 1/2-1/2

[Event "Oberliga Ost A"]
[Site "?"]
[Date "2022.11.26"]
[Round "4.1"]
[White "Hassemeier, Mika"]
[Black "Pulpan, Jakub"]
[Result "1/2-1/2"]
[WhiteElo "2072"]
[BlackElo "2403"]
[PlyCount "109"]
[EventDate "2022.09.18"]
[EventType "team-tourn"]
[EventCountry "GER"]
[WhiteTeam "Magdeburg USC"]
[BlackTeam "Plauen SK Koenig"]
[WhiteTeamCountry "GER"]
[BlackTeamCountry "GER"]

1. d4 Nf6 2. c4 e6 3. Nc3 Bb4 4. Qc2 O-O 5. Nf3 c5 6. dxc5 Na6 7. g3 Nxc5 8. Bg2 Nce4 9. O-O Bxc3 10. bxc3 d5 11. Nd2 Nc5 12. Ba3 Qa5 13. Bb4 Qc7 14. Nb3 Nxb3 15. axb3 Re8 16. Rfd1 b6 17. cxd5 exd5 18. Bxd5 Nxd5 19. Rxd5 a5 20. Ba3 Ba6 21. c4 Bb7 22. Rd6 b5 23. Qf5 Be4 24. Qxb5 Rab8 25. Qd7 Qxd7 26. Rxd7 Rxb3 27. f3 Bf5 28. Re7 Rc8 29. Bd6 Be6 30. Rxa5 h5 31. c5 Rb1+ 32. Kf2 Rh1 33. Kg2 Re1 34. Kf2 Rh1 35. h4 Rc1 36. Ke3 Rc2 37. Kd3 Rc1 38. Kd2 Rc4 39. Kd3 Rc1 40. e4 Rf1 41. Ke3 Kh7 42. Rea7 Re1+ 43. Kf2 Rc1 44. Ra8 Rc2+ 45. Ke3 Rc3+ 46. Kf4 Rxa8 47. Rxa8 Bh3 48. Ra2 Bd7 49. Rf2 f6 50. Ra2 Bb5 51. Rb2 Ba4 52. Rf2 Kg6 53. g4 Bd1 54. Rf1 Be2 55. Rf2 1/2-1/2

[Event "Oberliga Ost A"]
[Site "?"]
[Date "2022.11.26"]
[Round "4.2"]
[White "Cerveny, Martin"]
[Black "Spivak, Ilya"]
[Result "0-1"]
[WhiteElo "2399"]
[BlackElo "2306"]
[PlyCount "118"]
[EventDate "2022.09.18"]
[EventType "team-tourn"]
[EventCountry "GER"]
[WhiteTeam "Hoyerswerde FVS ASP"]
[BlackTeam "Aue ESV Nickelhuette II"]
[WhiteTeamCountry "GER"]
[BlackTeamCountry "GER"]

1. d4 d5 2. c4 dxc4 3. e3 Nf6 4. Bxc4 e6 5. Nf3 a6 6. a4 b6 7. O-O Bb7 8. Nc3 c5 9. Qe2 Nbd7 10. Rd1 Qc7 11. h3 Bd6 12. e4 cxd4 13. Nxd4 Bc5 14. Bxe6 fxe6 15. Nxe6 Qe5 16. Nxg7+ Kf7 17. Nf5 Rag8 18. g4 h5 19. g5 Ke8 20. Kf1 Qh2 21. Ke1 Nxe4 22. Nxe4 Qh1+ 23. Kd2 Qxe4 24. Re1 Qxe2+ 25. Kxe2 Rf8 26. Ng7+ Kf7 27. Nf5 Re8+ 28. Be3 Be4 29. Ng3 h4 30. Nxe4 Rxe4 31. Kf3 Rb4 32. Bxc5 Nxc5 33. Rad1 Rf8 34. Re2 Nxa4 35. Rd6 Kg7+ 36. Kg2 Rxb2 37. Rxb2 Nxb2 38. Rxb6 Nd3 39. Rxa6 Rxf2+ 40. Kg1 Rf5 41. Ra4 Nf4 42. Kf2 Kg6 43. Ra8 Nxh3+ 44. Kg2 Nxg5 45. Rh8 Rf4 46. Kh2 Kf5 47. Rg8 Rf2+ 48. Kh1 Re2 49. Rf8+ Kg4 50. Rg8 Kf4 51. Rg7 Ne4 52. Kg1 Ra2 53. Rg8 Ng5 54. Kh1 Nf3 55. Rf8+ Ke3 56. Re8+ Kf2 57. Ra8 Re2 58. Ra2 Rd2 59. Rb2 Kg3 0-1

[Event "Oberliga Ost A"]
[Site "?"]
[Date "2022.11.26"]
[Round "4.4"]
[White "Cerveny, Petr"]
[Black "Boehm, Robert"]
[Result "1-0"]
[WhiteElo "2321"]
[BlackElo "2127"]
[PlyCount "61"]
[EventDate "2022.09.18"]
[EventType "team-tourn"]
[EventCountry "GER"]
[WhiteTeam "Hoyerswerde FVS ASP"]
[BlackTeam "Aue ESV Nickelhuette II"]
[WhiteTeamCountry "GER"]
[BlackTeamCountry "GER"]

1. e4 c5 2. Nf3 Nc6 3. Bb5 Nf6 4. Bxc6 dxc6 5. d3 Bg4 6. h3 Bxf3 7. Qxf3 g6 8. O-O Bg7 9. a4 a5 10. Be3 b6 11. Nd2 O-O 12. Rae1 Ne8 13. b3 Nc7 14. Qd1 Ne6 15. Kh1 Bd4 16. f4 Bxe3 17. Rxe3 Qd4 18. Ree1 Qc3 19. Nc4 b5 20. axb5 cxb5 21. Nb6 Ra7 22. Nd5 Qb2 23. f5 Nd4 24. Qd2 f6 25. fxg6 hxg6 26. Qh6 Kf7 27. Rxf6+ exf6 28. Qh7+ Ke6 29. Qxa7 Rf7 30. Qb6+ Ke5 31. Qb8+ 1-0

[Event "Oberliga Ost A"]
[Site "?"]
[Date "2022.11.26"]
[Round "4.5"]
[White "Jahnel, Guenther"]
[Black "Jurasek, Miroslav"]
[Result "1-0"]
[WhiteElo "2198"]
[BlackElo "2236"]
[PlyCount "43"]
[EventDate "2022.09.18"]
[EventType "team-tourn"]
[EventCountry "GER"]
[WhiteTeam "Aue ESV Nickelhuette II"]
[BlackTeam "Hoyerswerde FVS ASP"]
[WhiteTeamCountry "GER"]
[BlackTeamCountry "GER"]

1. d4 d5 2. c4 e6 3. Nc3 Be7 4. Bf4 Nf6 5. e3 O-O 6. Rc1 c6 7. Nf3 Nbd7 8. Bd3 dxc4 9. Bxc4 Nd5 10. Bg3 N7f6 11. O-O Nxc3 12. bxc3 Ne4 13. Bd3 Nxg3 14. hxg3 f5 15. e4 fxe4 16. Bxe4 Rf6 17. Ne5 Qe8 18. f4 a5 19. Qd3 Rh6 20. g4 Ra6 21. g5 Rh5 22. g4 1-0

[Event "Oberliga Ost A"]
[Site "?"]
[Date "2022.11.26"]
[Round "4.6"]
[White "Kunze, Kerstin"]
[Black "Graf, Roland"]
[Result "1/2-1/2"]
[WhiteElo "2005"]
[BlackElo "2107"]
[PlyCount "34"]
[EventDate "2022.09.18"]
[EventType "team-tourn"]
[EventCountry "GER"]
[WhiteTeam "Hoyerswerde FVS ASP"]
[BlackTeam "Aue ESV Nickelhuette II"]
[WhiteTeamCountry "GER"]
[BlackTeamCountry "GER"]

1. e4 e6 2. Qe2 Be7 3. f4 d5 4. e5 c5 5. Nf3 Nh6 6. g3 Nc6 7. Bh3 Nf5 8. O-O Nfd4 9. Nxd4 Nxd4 10. Qd1 g6 11. d3 b5 12. c3 Nc6 13. Bg2 Qb6 14. Be3 Bb7 15. Nd2 Rd8 16. Bf2 a5 17. Rc1 a4 1/2-1/2

[Event "Oberliga Ost A"]
[Site "?"]
[Date "2022.11.26"]
[Round "4.7"]
[White "Kregelin, Jan"]
[Black "Poessel, Christian"]
[Result "1/2-1/2"]
[WhiteElo "2118"]
[BlackElo "1988"]
[PlyCount "80"]
[EventDate "2022.09.18"]
[EventType "team-tourn"]
[EventCountry "GER"]
[WhiteTeam "Aue ESV Nickelhuette II"]
[BlackTeam "Hoyerswerde FVS ASP"]
[WhiteTeamCountry "GER"]
[BlackTeamCountry "GER"]

1. d4 Nf6 2. Bg5 e6 3. e3 c5 4. Nc3 Qa5 5. Bxf6 gxf6 6. d5 f5 7. g3 Bg7 8. Nge2 Na6 9. Bg2 Rb8 10. O-O Nc7 11. e4 fxe4 12. Nxe4 O-O 13. Nf4 Qb4 14. Nd3 Qb6 15. Nexc5 exd5 16. c3 d6 17. Nb3 Be6 18. Nf4 Qb5 19. Re1 Rbe8 20. Qc2 Be5 21. Nd4 Qd7 22. Nfxe6 fxe6 23. Rad1 Kh8 24. f4 Bf6 25. Bh3 Qf7 26. Qd3 a6 27. Rd2 Rg8 28. Rde2 e5 29. fxe5 dxe5 30. Nf5 Qh5 31. Nd6 Qxh3 32. Nxe8 Rxe8 33. Rf1 Qe6 34. Ref2 Bg7 35. Rf7 Re7 36. Rxe7 Qxe7 37. Qf5 Qc5+ 38. Kg2 Nb5 39. Qd7 h6 40. Rf7 Qc4 1/2-1/2

[Event "Oberliga Ost A"]
[Site "?"]
[Date "2022.11.26"]
[Round "4.8"]
[White "Schramm, Torsten"]
[Black "Heyme, Sibylle"]
[Result "1/2-1/2"]
[WhiteElo "2212"]
[BlackElo "1963"]
[PlyCount "59"]
[EventDate "2022.09.18"]
[EventType "team-tourn"]
[EventCountry "GER"]
[WhiteTeam "Hoyerswerde FVS ASP"]
[BlackTeam "Aue ESV Nickelhuette II"]
[WhiteTeamCountry "GER"]
[BlackTeamCountry "GER"]

1. Nf3 Nf6 2. c4 c5 3. Nc3 Nc6 4. d4 cxd4 5. Nxd4 g6 6. e4 Bg7 7. Be3 d6 8. Be2 a6 9. Qd2 Ng4 10. Bxg4 Bxg4 11. O-O O-O 12. f4 Bd7 13. b3 Rc8 14. Rac1 Re8 15. Kh1 Qa5 16. Nxc6 Bxc6 17. Bd4 Bxd4 18. Qxd4 Qc5 19. Qd2 Qh5 20. f5 Rcd8 21. Rce1 f6 22. Re3 Qh6 23. Qd4 g5 24. Rh3 Qg7 25. Nd5 Rd7 26. Rc3 Qf7 27. a4 h6 28. a5 Kg7 29. Kg1 Rh8 30. Nb6 1/2-1/2

[Event "Oberliga Ost A"]
[Site "?"]
[Date "2022.11.26"]
[Round "4.1"]
[White "Belous, Mikhail"]
[Black "Heyder, Florian"]
[Result "1-0"]
[WhiteElo "2363"]
[BlackElo "2199"]
[PlyCount "73"]
[EventDate "2022.09.18"]
[EventType "team-tourn"]
[EventCountry "GER"]
[WhiteTeam "Aue ESV Nickelhuette II"]
[BlackTeam "Hoyerswerde FVS ASP"]
[WhiteTeamCountry "GER"]
[BlackTeamCountry "GER"]

1. d4 Nf6 2. c4 e6 3. Nc3 d5 4. cxd5 exd5 5. Bg5 Be7 6. e3 O-O 7. Bd3 Re8 8. Qc2 h6 9. Bh4 c6 10. Nge2 Nbd7 11. f3 c5 12. O-O a6 13. dxc5 Bxc5 14. Kh1 g5 15. Bf2 Bxe3 16. Bxe3 Rxe3 17. Nd4 Nc5 18. Bf5 Ne6 19. Bxe6 Bxe6 20. Qc1 Re5 21. f4 gxf4 22. Qxf4 Nd7 23. Rf3 Kg7 24. Nxe6+ fxe6 25. Qf7+ Kh8 26. Rh3 h5 27. Rg3 Rg5 28. Rxg5 Qxg5 29. Qxd7 Rg8 30. Rg1 Qe5 31. Qxb7 Rb8 32. Qe7 d4 33. Nd1 Rb5 34. Rf1 Rb8 35. Qf6+ Qxf6 36. Rxf6 e5 37. Re6 1-0

[Event "Oberliga Ost A"]
[Site "?"]
[Date "2022.11.26"]
[Round "4.2"]
[White "Hellwig, Tobias"]
[Black "Matthey, Harald"]
[Result "1-0"]
[WhiteElo "2209"]
[BlackElo "2125"]
[PlyCount "63"]
[EventDate "2022.09.18"]
[EventType "team-tourn"]
[EventCountry "GER"]
[WhiteTeam "Dessau SK"]
[BlackTeam "Sangerhausen SV"]
[WhiteTeamCountry "GER"]
[BlackTeamCountry "GER"]

1. d4 d5 2. c4 dxc4 3. Nc3 a6 4. a4 Nc6 5. e3 Na5 6. Nf3 Nf6 7. Ne5 Be6 8. g3 c5 9. Bg2 Qc7 10. f4 cxd4 11. exd4 Nb3 12. Ra3 Nxc1 13. Qxc1 Rd8 14. Ne2 Ng4 15. O-O f6 16. Nd3 Bd5 17. Nc5 Bxg2 18. Kxg2 b6 19. Nxa6 Qb7+ 20. Kh3 Qxa6 21. Kxg4 e5 22. Re3 f5+ 23. Kh3 e4 24. Qc2 Bb4 25. Rc1 Rc8 26. g4 g6 27. gxf5 gxf5 28. Rg1 b5 29. Rg5 Be7 30. Rxf5 Qh6+ 31. Kg2 Qg6+ 32. Ng3 1-0

[Event "Oberliga Ost A"]
[Site "?"]
[Date "2022.11.26"]
[Round "4.3"]
[White "Schubert, Ralf"]
[Black "Hillmann, Michael"]
[Result "0-1"]
[WhiteElo "2100"]
[BlackElo "2089"]
[PlyCount "72"]
[EventDate "2022.09.18"]
[EventType "team-tourn"]
[EventCountry "GER"]
[WhiteTeam "Sangerhausen SV"]
[BlackTeam "Dessau SK"]
[WhiteTeamCountry "GER"]
[BlackTeamCountry "GER"]

1. d4 f5 2. Nc3 Nf6 3. f3 d5 4. Bg5 c5 5. e4 Nc6 6. Bb5 fxe4 7. fxe4 Nxe4 8. Bxc6+ bxc6 9. Nxe4 dxe4 10. dxc5 Qd5 11. Be3 g6 12. Qxd5 cxd5 13. Bd4 Rg8 14. b4 a5 15. c3 axb4 16. cxb4 Bg7 17. Bxg7 Rxg7 18. Ne2 Ra3 19. Nd4 Rf7 20. Nc2 Rc3 21. O-O-O Rf2 22. Rd2 Rxd2 23. Kxd2 d4 24. Re1 Bb7 25. g3 Bd5 26. b5 e3+ 27. Nxe3 Rxe3 28. Rb1 Kd7 29. Rb4 e5 30. Ra4 Rc3 31. Ra7+ Kc8 32. c6 e4 33. Rd7 e3+ 34. Ke2 Bc4+ 35. Kf3 e2+ 36. Kf2 Rc1 0-1

[Event "Oberliga Ost A"]
[Site "?"]
[Date "2022.11.26"]
[Round "4.4"]
[White "Richter, Dustin"]
[Black "Mirschinka, Dirk"]
[Result "1-0"]
[WhiteElo "2165"]
[BlackElo "2219"]
[PlyCount "57"]
[EventDate "2022.09.18"]
[EventType "team-tourn"]
[EventCountry "GER"]
[WhiteTeam "Dessau SK"]
[BlackTeam "Sangerhausen SV"]
[WhiteTeamCountry "GER"]
[BlackTeamCountry "GER"]

1. d4 d6 2. c4 e5 3. dxe5 dxe5 4. Qxd8+ Kxd8 5. Nc3 c6 6. f4 Be6 7. e3 Nd7 8. Nf3 f6 9. b3 Nh6 10. fxe5 Nxe5 11. Nxe5 fxe5 12. Bd3 Bb4 13. Bb2 Ke7 14. a3 Bc5 15. Ne4 Bxe3 16. Bxe5 Nf5 17. Ng3 Nh4 18. Be4 Rhf8 19. Rf1 Rf7 20. Rd1 Kf8 21. Bd6+ Kg8 22. Ke2 Bg5 23. Rxf7 Bxf7 24. Rf1 Re8 25. Kd3 Rd8 26. c5 Bxb3 27. Rb1 b6 28. Rxb3 bxc5 29. Rb8 1-0

[Event "Oberliga Ost A"]
[Site "?"]
[Date "2022.11.26"]
[Round "4.5"]
[White "Ozeran, Volodymyr"]
[Black "Guenther, Christian"]
[Result "0-1"]
[WhiteElo "2086"]
[BlackElo "2120"]
[PlyCount "96"]
[EventDate "2022.09.18"]
[EventType "team-tourn"]
[EventCountry "GER"]
[WhiteTeam "Sangerhausen SV"]
[BlackTeam "Dessau SK"]
[WhiteTeamCountry "GER"]
[BlackTeamCountry "GER"]

1. d4 d5 2. Nf3 c6 3. g3 Nf6 4. Bg2 Bf5 5. Nh4 Bg6 6. O-O Nbd7 7. Nc3 e6 8. Nxg6 hxg6 9. e4 dxe4 10. Nxe4 Nxe4 11. Bxe4 Nf6 12. Bg2 Qa5 13. Qd3 Bd6 14. Bd2 Qh5 15. h4 Qf5 16. Qb3 O-O-O 17. c4 Ne4 18. Be3 g5 19. Bxe4 Qxe4 20. Bxg5 f6 21. Rfe1 Qg4 22. Bd2 Rxh4 23. c5 Rdh8 24. Qxe6+ Qxe6 25. Rxe6 Rh1+ 26. Kg2 Rxa1 27. cxd6 Rxa2 28. Bc3 Rd8 29. g4 a5 30. g5 fxg5 31. d5 cxd5 32. Bxg7 Kd7 33. Rh6 Re8 34. Rh5 Kxd6 35. Rxg5 Ra4 36. Rg3 d4 37. b3 Rb4 38. Bh6 a4 39. bxa4 Rxa4 40. Rb3 Kc6 41. Bc1 b5 42. f4 Kc5 43. f5 Kc4 44. Rb2 b4 45. Rf2 Ra7 46. Kf3 d3 47. f6 Rf7 48. Bb2 Re6 0-1

[Event "Oberliga Ost A"]
[Site "?"]
[Date "2022.11.26"]
[Round "4.6"]
[White "Ellemann, Stefan"]
[Black "Erler, Rainer"]
[Result "1-0"]
[WhiteElo "2022"]
[BlackElo "2116"]
[PlyCount "97"]
[EventDate "2022.09.18"]
[EventType "team-tourn"]
[EventCountry "GER"]
[WhiteTeam "Dessau SK"]
[BlackTeam "Sangerhausen SV"]
[WhiteTeamCountry "GER"]
[BlackTeamCountry "GER"]

1. c4 e5 2. g3 Nc6 3. Bg2 g6 4. Nc3 Bg7 5. e3 Nge7 6. Nge2 O-O 7. O-O d6 8. d3 Be6 9. Qb3 Rb8 10. Nd5 Qd7 11. Nec3 a6 12. Qa4 f5 13. f4 Kh8 14. Bd2 b5 15. Qxa6 bxc4 16. Qxc4 Rxb2 17. Rad1 exf4 18. gxf4 Rfb8 19. Qa4 Qc8 20. Qa3 Rc2 21. Rf2 Rbb2 22. Nxe7 Nxe7 23. Be1 Rxf2 24. Bxf2 Qb8 25. d4 h6 26. Qa5 Qb6 27. Qxb6 Rxb6 28. Bh4 Bf8 29. Rc1 g5 30. fxg5 Ng6 31. Bf2 hxg5 32. e4 Rb2 33. d5 Bd7 34. Nd1 Rxa2 35. Rxc7 Ne5 36. Bd4 Rd2 37. Bxe5+ dxe5 38. Ne3 f4 39. Nf1 Rd1 40. Bf3 Ra1 41. Rxd7 Bc5+ 42. Kg2 Ra2+ 43. Kh3 Rf2 44. Kg4 Rxf1 45. h3 Kg8 46. Rc7 Rc1 47. Kxg5 Rc3 48. Bg4 Kf8 49. Kf6 1-0

[Event "Oberliga Ost A"]
[Site "?"]
[Date "2022.11.26"]
[Round "4.7"]
[White "Leibovitch, Iziaslav"]
[Black "Sieber, Martin"]
[Result "0-1"]
[WhiteElo "2095"]
[BlackElo "1954"]
[PlyCount "82"]
[EventDate "2022.09.18"]
[EventType "team-tourn"]
[EventCountry "GER"]
[WhiteTeam "Sangerhausen SV"]
[BlackTeam "Dessau SK"]
[WhiteTeamCountry "GER"]
[BlackTeamCountry "GER"]

1. Nf3 Nf6 2. g3 b6 3. Bg2 Bb7 4. O-O e6 5. d3 Be7 6. e4 d6 7. Re1 O-O 8. a4 c5 9. Nbd2 Nc6 10. Nc4 a6 11. Bf4 Nh5 12. Bd2 b5 13. axb5 axb5 14. Na3 Qb6 15. Qe2 Nf6 16. c3 Na5 17. Be3 Nb3 18. Rad1 Ng4 19. Bg5 Bxg5 20. Nxg5 Nf6 21. Qc2 Na5 22. d4 h6 23. Nf3 b4 24. Nb1 b3 25. Qe2 Bxe4 26. Na3 Rfc8 27. dxc5 dxc5 28. Ne5 Bxg2 29. Kxg2 Rd8 30. c4 Nc6 31. Nxc6 Qxc6+ 32. Kg1 Rxd1 33. Qxd1 Ne4 34. Qd3 Ng5 35. Re3 Nh3+ 36. Kf1 Qh1+ 37. Ke2 Qxh2 38. Qxb3 Qxf2+ 39. Kd1 Rd8+ 40. Kc1 Qf1+ 41. Kc2 Qd1+ 0-1